000 00829nam a2200241 i 4500
001 62945
003 ES-MaACL
005 20250916063044.0
007 t|
008 031127s1964 sp ||||1| spa d
017 _aM 288-1964
_bOficina Depósito Legal Madrid
040 _cES-MaACL
100 1 _aFernández Cuenca, Carlos,
_d1904-1977
_949611
_eaut
245 1 0 _aErich von Stroheim /
_cCarlos Fernández Cuenca.
260 _aMadrid :
_bFilmoteca Nacional de España,
_c1964.
300 _a125 páginas ;
_c21 cm.
600 1 7 _aStroheim, Erich von,
_d1885-1957
_9168080
650 7 _2embne
_911010
_aCine
852 _aES-MaACL
_jC-50408
_bR.68590
_965331
_cDEPO2
_xEncuadernación rústica
942 _cMONOGRAFIA
_n0
999 _c62945
_d62945